[Event "EU-ch 25th"]
[Site "Eforie Nord"]
[Date "2025.03.23"]
[Round "8"]
[White "Fiedorek, Michal"]
[Black "Talibov, Shiroghlan"]
[Result "0-1"]
[WhiteElo "2295"]
[BlackElo "2428"]
[PlyCount "54"]
[EventDate "2025.03.15"]
[EventType "swiss"]
[EventRounds "11"]
[EventCountry "ROU"]
[SourceTitle "CB13_2025"]
[SourceDate "2025.03.26"]
[SourceVersion "1"]
[SourceVersionDate "2025.03.26"]
[SourceQuality "1"]

1. e4 c5 2. Nf3 d6 3. d4 cxd4 4. Nxd4 Nf6 5. Nc3 a6 6. Bd3 e6 7. f4 Qc7 8. a4 g6 9. 0-0 Bg7 10. Be3 0-0 11. h3 b6 12. Qe1 Bb7 13. Qh4 Nbd7 14. Nf3 Nc5 15. f5 Rac8 16. Bg5 Ncd7 17. Ra3 exf5 18. exf5 Nh5 19. Bd2 Nc5 20. Ng5 Nxd3 21. cxd3 d5 22. Raa1 Qc5+ 23. Kh1 Qd4 24. Qe1 Qxd3 25. Rf3 Qc4 26. Qf2 d4 27. f6 Bh6 0-1

[Event "EU-ch 25th"]
[Site "Eforie Nord"]
[Date "2025.03.17"]
[Round "3"]
[White "Tamas, Christian Arrydan"]
[Black "Fiedorek, Michal"]
[Result "0-1"]
[WhiteElo "2106"]
[BlackElo "2295"]
[PlyCount "86"]
[EventDate "2025.03.15"]
[EventType "swiss"]
[EventRounds "11"]
[EventCountry "ROU"]
[SourceTitle "CB13_2025"]
[SourceDate "2025.03.26"]
[SourceVersion "1"]
[SourceVersionDate "2025.03.26"]
[SourceQuality "1"]

1. e4 e5 2. Nf3 Nc6 3. Bc4 Nf6 4. d4 exd4 5. e5 d5 6. Bb5 Nd7 7. 0-0 Be7 8. Bxc6 bxc6 9. Nxd4 Nb8 10. f4 c5 11. Nf3 0-0 12. c3 a5 13. Be3 Ra6 14. Qc2 Qd7 15. Qf2 Qc6 16. Nbd2 a4 17. Rfd1 Nd7 18. f5 Re8 19. Nf1 Bf8 20. Bf4 c4 21. Ne3 Nc5 22. Rxd5 Nd3 23. Qg3 Qb6 24. f6 g6 25. Rb1 Bb7 26. Rd4 Bc5 27. Nf5 Bxf3 28. gxf3 Nxf4 29. Qxf4 Qe6 30. Qh6 Bf8 31. Ne7+ Qxe7 32. fxe7 Bxh6 33. Rd8 Ra8 34. Rbd1 Bg5 35. Rxa8 Rxa8 36. Rd7 Re8 37. Rxc7 Rxe7 38. Rxc4 Rb7 39. f4 Be7 40. Rxa4 Rxb2 41. Ra8+ Kg7 42. a4 Bc5+ 43. Kh1 Be3 0-1

[Event "Rilton Cup 52nd"]
[Site "Stockholm"]
[Date "2025.01.02"]
[Round "6"]
[White "Fiedorek, Michal"]
[Black "Rasti, Arvin"]
[Result "1/2-1/2"]
[WhiteElo "2301"]
[BlackElo "2182"]
[PlyCount "113"]
[EventDate "2024.12.27"]
[EventType "swiss"]
[EventRounds "9"]
[EventCountry "SWE"]
[SourceTitle "CB02_2025"]
[SourceDate "2025.01.08"]
[SourceVersion "1"]
[SourceVersionDate "2025.01.08"]
[SourceQuality "1"]

1. e4 c5 2. Nf3 d6 3. d4 cxd4 4. Qxd4 Nf6 5. Nc3 Nc6 6. Qe3 g6 7. h3 Bg7 8. Bc4 0-0 9. 0-0 Be6 10. Bb3 Nd7 11. Nd5 Nc5 12. c3 a5 13. Bc2 a4 14. Rb1 Bd7 15. Rd1 Rc8 16. Qg5 f5 17. exf5 Bxf5 18. Bxf5 Rxf5 19. Qg4 b5 20. Ne3 Rf8 21. Nc2 Qd7 22. Ncd4 Qxg4 23. hxg4 Na7 24. Be3 h6 25. Ne1 Kf7 26. Nec2 Rb8 27. Nb4 Rfc8 28. a3 Rb7 29. Ne2 Nb3 30. Nc1 Na5 31. f3 Nc4 32. Bd4 Bxd4+ 33. Rxd4 e5 34. Rd5 Nc6 35. Nxc6 Rxc6 36. Nd3 Ke6 37. Nb4 Rc8 38. Kf2 h5 39. gxh5 gxh5 40. Rdd1 Rg7 41. Rh1 Rcg8 42. Rh2 d5 43. Nd3 Rg5 44. Re1 Kf5 45. Re2 e4 46. Nb4 exf3 47. gxf3 Kf6 48. Nd3 Rf5 49. Rh4 Kg5 50. Rh3 h4 51. Re1 Rh8 52. Rg1+ Kf6 53. Rg4 Rfh5 54. Rd4 R5h6 55. Rf4+ Ke7 56. Rg4 Ke6 57. Rg5 1/2-1/2

[Event "Rilton Cup 52nd"]
[Site "Stockholm"]
[Date "2024.12.31"]
[Round "5"]
[White "Durak, Can"]
[Black "Fiedorek, Michal"]
[Result "1/2-1/2"]
[WhiteElo "2446"]
[BlackElo "2301"]
[PlyCount "91"]
[EventDate "2024.12.27"]
[EventType "swiss"]
[EventRounds "9"]
[EventCountry "SWE"]
[SourceTitle "CB02_2025"]
[SourceDate "2025.01.08"]
[SourceVersion "1"]
[SourceVersionDate "2025.01.08"]
[SourceQuality "1"]

1. e4 c6 2. d4 d5 3. exd5 cxd5 4. c4 Nf6 5. Nc3 Nc6 6. Nf3 e6 7. cxd5 Nxd5 8. Bd3 Be7 9. 0-0 0-0 10. Re1 Nf6 11. a3 b6 12. Bg5 Bb7 13. Bb1 Rc8 14. Qd3 g6 15. Ba2 Re8 16. Rad1 Nd5 17. Ne4 Bxg5 18. Nexg5 Kg7 19. h4 h6 20. Ne4 Nf6 21. Ng3 Ne7 22. h5 Qc7 23. Rd2 Qf4 24. Ne5 Ba6 25. Qe3 Ned5 26. Qxf4 Nxf4 27. hxg6 Nxg6 28. Ne4 Red8 29. Nxf6 Kxf6 30. Ng4+ Kg7 31. Ne3 Ne7 32. f3 Bb7 33. Kf2 Rd7 34. Red1 Rdc7 35. Rh1 Rd8 36. Bb1 Rcd7 37. Rhd1 Bc6 38. Bc2 Bb7 39. Be4 Ba6 40. g4 Bb5 41. Bc2 Bc6 42. Bb3 Bb7 43. Ke2 Ba6+ 44. Kf2 Bb7 45. Ke2 Ba6+ 46. Kf2 1/2-1/2

[Event "Rilton Cup 52nd"]
[Site "Stockholm"]
[Date "2024.12.30"]
[Round "4"]
[White "Fiedorek, Michal"]
[Black "Sameer, Loay"]
[Result "1-0"]
[WhiteElo "2301"]
[BlackElo "2203"]
[PlyCount "79"]
[EventDate "2024.12.27"]
[EventType "swiss"]
[EventRounds "9"]
[EventCountry "SWE"]
[SourceTitle "CB02_2025"]
[SourceDate "2025.01.08"]
[SourceVersion "1"]
[SourceVersionDate "2025.01.08"]
[SourceQuality "1"]

1. e4 c5 2. Nf3 Nc6 3. Bb5 Nf6 4. Bxc6 dxc6 5. d3 g6 6. h3 Bg7 7. a4 b6 8. Be3 Nd7 9. Qc1 h6 10. Nfd2 e5 11. a5 Rb8 12. axb6 axb6 13. Nc4 Qe7 14. 0-0 g5 15. Ra7 Rb7 16. Rxb7 Bxb7 17. Nc3 0-0 18. Ne2 b5 19. Na5 Bc8 20. Nxc6 Qd6 21. Na5 Qc7 22. Qd2 Nb6 23. Ng3 f5 24. Nxf5 Bxf5 25. exf5 Rxf5 26. c4 b4 27. Qc2 e4 28. dxe4 Rf8 29. Nb3 Nd7 30. Rd1 g4 31. hxg4 Ne5 32. Bxc5 Rf6 33. Qd2 Qf7 34. Qd5 Nxc4 35. Qd8+ Kh7 36. Rd7 Qe6 37. Bd4 Ne5 38. Re7 Qxb3 39. Bxe5 Rg6 40. Qd7 1-0

[Event "Rilton Cup 52nd"]
[Site "Stockholm"]
[Date "2024.12.29"]
[Round "3"]
[White "Nilsson, Oliver"]
[Black "Fiedorek, Michal"]
[Result "1-0"]
[WhiteElo "2079"]
[BlackElo "2301"]
[PlyCount "69"]
[EventDate "2024.12.27"]
[EventType "swiss"]
[EventRounds "9"]
[EventCountry "SWE"]
[SourceTitle "CB02_2025"]
[SourceDate "2025.01.08"]
[SourceVersion "1"]
[SourceVersionDate "2025.01.08"]
[SourceQuality "1"]

1. e4 c5 2. Nf3 d6 3. d4 cxd4 4. Nxd4 Nf6 5. Nc3 Nc6 6. Bg5 e6 7. Qd2 a6 8. 0-0-0 Bd7 9. f4 b5 10. Bxf6 gxf6 11. Kb1 b4 12. Nce2 Qb6 13. Nxc6 Bxc6 14. f5 e5 15. Ng3 Qc5 16. b3 h5 17. h4 Ra7 18. Bc4 Bb5 19. Qe2 Bxc4 20. bxc4 Rc7 21. Nxh5 Be7 22. g4 Qxc4 23. Qd3 Kd7 24. Rh2 Qxd3 25. cxd3 Rcc8 26. Rc2 Rcg8 27. Rdc1 Bd8 28. Rc8 Ke7 29. R1c7+ Bxc7 30. Rxc7+ Kd8 31. Ra7 Kc8 32. Nxf6 Rf8 33. g5 Kb8 34. Re7 Kc8 35. h5 1-0

[Event "Rilton Cup 52nd"]
[Site "Stockholm"]
[Date "2024.12.27"]
[Round "1"]
[White "Liskiewicz, Jakub"]
[Black "Fiedorek, Michal"]
[Result "0-1"]
[WhiteElo "2104"]
[BlackElo "2301"]
[PlyCount "74"]
[EventDate "2024.12.27"]
[EventType "swiss"]
[EventRounds "9"]
[EventCountry "SWE"]
[SourceTitle "CB02_2025"]
[SourceDate "2025.01.08"]
[SourceVersion "1"]
[SourceVersionDate "2025.01.08"]
[SourceQuality "1"]

1. d4 Nf6 2. c4 g6 3. Nc3 Bg7 4. e4 d6 5. Nf3 0-0 6. Be2 e5 7. 0-0 Bg4 8. dxe5 Bxf3 9. Bxf3 dxe5 10. Qb3 Nc6 11. Qxb7 Nd4 12. Qa6 Nd7 13. Bd1 Nc5 14. Qa3 Nce6 15. Nb5 Nc6 16. Be3 a6 17. Nc3 Ncd4 18. Ne2 Qh4 19. Nxd4 exd4 20. Bd2 Rab8 21. f4 d3 22. e5 Rfd8 23. c5 g5 24. g3 Qh3 25. fxg5 Bxe5 26. Bc3 Rd4 27. Rf2 Bxg3 28. Bxd4 Bxf2+ 29. Kxf2 Nxd4 30. Qc3 Qxh2+ 31. Ke3 Ne2 32. Qf6 Re8+ 33. Kxd3 Qg3+ 34. Kc2 Qe3 35. Bxe2 Qxe2+ 36. Kc3 Re3+ 37. Kb4 Qb5# 0-1

[Event "EU-ch 24th"]
[Site "Petrovac"]
[Date "2024.11.19"]
[Round "11"]
[White "Hryzlova, Sofiia"]
[Black "Fiedorek, Michal"]
[Result "1/2-1/2"]
[WhiteElo "2177"]
[BlackElo "2295"]
[PlyCount "89"]
[EventDate "2024.11.08"]
[EventType "swiss"]
[EventRounds "11"]
[EventCountry "MNE"]
[SourceTitle "CB47_2024"]
[SourceDate "2024.11.20"]
[SourceVersion "1"]
[SourceVersionDate "2024.11.20"]
[SourceQuality "1"]

1. d4 Nf6 2. Nf3 g6 3. c4 Bg7 4. g3 0-0 5. Bg2 c6 6. 0-0 d5 7. a4 a5 8. cxd5 cxd5 9. Qb3 Nc6 10. Nc3 Nb4 11. Nb5 Bf5 12. Bd2 Nc6 13. Rac1 Qb6 14. Rfd1 Rac8 15. Bf4 Rfd8 16. h3 Be4 17. g4 h5 18. Ne5 Bxg2 19. Kxg2 Ne4 20. f3 Bxe5 21. Bxe5 Nxe5 22. fxe4 Rxc1 23. Rxc1 Nc6 24. e5 Na7 25. Rc5 hxg4 26. hxg4 Kg7 27. Kg3 Nc6 28. Qe3 Nb4 29. Nc7 Rc8 30. Qc1 Na2 31. Qf4 Rxc7 32. e6 Rxc5 33. Qxf7+ Kh8 34. Qf8+ Kh7 35. Qxe7+ Kh8 36. Qf6+ Kh7 37. dxc5 Qb3+ 38. Kf2 d4 39. Qe7+ Kh6 40. Qh4+ Kg7 41. Qe7+ Kh6 42. Qf8+ Kh7 43. Qf7+ Kh8 44. Qf6+ Kh7 45. Qe7+ 1/2-1/2

[Event "EU-ch 24th"]
[Site "Petrovac"]
[Date "2024.11.12"]
[Round "5"]
[White "Fiedorek, Michal"]
[Black "Gines Esteo, Pedro Antonio"]
[Result "1-0"]
[WhiteElo "2295"]
[BlackElo "2492"]
[PlyCount "69"]
[EventDate "2024.11.08"]
[EventType "swiss"]
[EventRounds "11"]
[EventCountry "MNE"]
[SourceTitle "CB47_2024"]
[SourceDate "2024.11.20"]
[SourceVersion "1"]
[SourceVersionDate "2024.11.20"]
[SourceQuality "1"]

1. e4 c6 2. d4 d5 3. Nc3 dxe4 4. Nxe4 Bf5 5. Ng3 Bg6 6. h4 h6 7. Nf3 Nd7 8. h5 Bh7 9. Bd3 Bxd3 10. Qxd3 e6 11. Bd2 Ngf6 12. 0-0-0 Be7 13. Kb1 0-0 14. Ne4 Nxe4 15. Qxe4 Nf6 16. Qe2 Qd5 17. Be3 a5 18. Ne5 a4 19. f3 Qa5 20. a3 Qa6 21. Qd2 Nd5 22. Bxh6 gxh6 23. Qxh6 Qe2 24. Rde1 Qf2 25. Re4 f5 26. Qxe6+ Kh8 27. Ng6+ Kh7 28. Nxe7 Rf6 29. Qd7 Rf7 30. Qd6 Rf6 31. Re6 Qxg2 32. Rhe1 Qf2 33. Qe5 Ra5 34. Nxd5 Rxe6 35. Qxe6 1-0

[Event "POL-chT 1st League"]
[Site "Darlowo"]
[Date "2024.09.21"]
[Round "8.27"]
[White "Fiedorek, Michal"]
[Black "Czerw, Dawid"]
[Result "1/2-1/2"]
[WhiteElo "2315"]
[BlackElo "2389"]
[PlyCount "59"]
[EventDate "2024.09.14"]
[EventType "team-swiss"]
[EventRounds "9"]
[EventCountry "POL"]
[SourceTitle "EXT 2025"]
[Source "ChessBase"]
[SourceDate "2024.10.14"]
[SourceVersion "1"]
[SourceVersionDate "2024.10.14"]
[SourceQuality "1"]

1. e4 c5 2. Nf3 Nc6 3. Bb5 g6 4. 0-0 Bg7 5. c3 a6 6. Bxc6 dxc6 7. h3 e5 8. d3 Ne7 9. a4 a5 10. Na3 Qc7 11. Be3 b6 12. Nc4 Be6 13. Qb3 Rb8 14. Ng5 Bxc4 15. Qxc4 0-0 16. Rab1 Nc8 17. Qa2 h6 18. Nf3 Nd6 19. Nd2 Kh7 20. b4 cxb4 21. cxb4 axb4 22. Rxb4 c5 23. Rb2 Ra8 24. Nc4 Nxc4 25. Qxc4 Qa7 26. Ra1 Rfd8 27. Rb5 Rd6 28. Ra3 Qd7 29. Rab3 Ra6 30. Rc3 1/2-1/2

[Event "POL-chT 1st League"]
[Site "Darlowo"]
[Date "2024.09.20"]
[Round "7.15"]
[White "Janaszak, Dawid"]
[Black "Fiedorek, Michal"]
[Result "1-0"]
[WhiteElo "2308"]
[BlackElo "2315"]
[PlyCount "59"]
[EventDate "2024.09.14"]
[EventType "team-swiss"]
[EventRounds "9"]
[EventCountry "POL"]
[SourceTitle "EXT 2025"]
[Source "ChessBase"]
[SourceDate "2024.10.14"]
[SourceVersion "1"]
[SourceVersionDate "2024.10.14"]
[SourceQuality "1"]

1. e4 c5 2. Nc3 Nc6 3. Bb5 Nd4 4. Nf3 e6 5. 0-0 Nxb5 6. Nxb5 a6 7. Nc3 b5 8. d4 cxd4 9. Qxd4 Bb7 10. Bg5 f6 11. Bf4 e5 12. Nxe5 fxe5 13. Qxe5+ Qe7 14. Qc7 Bc6 15. Rfe1 Qd8 16. Qe5+ Qe7 17. Qc7 Qd8 18. Qe5+ Qe7 19. Qd4 Qc5 20. Qd3 0-0-0 21. a4 b4 22. Nd5 Bxd5 23. exd5 Kb7 24. Re4 Nf6 25. Rc4 Qa5 26. Rc7+ Kb6 27. d6 Qd5 28. Be3+ Ka5 29. Qxa6+ Kxa6 30. Ra7# 1-0

[Event "POL-chT 1st League"]
[Site "Darlowo"]
[Date "2024.09.19"]
[Round "6.27"]
[White "Fiedorek, Michal"]
[Black "Szustakowski, Antoni"]
[Result "1/2-1/2"]
[WhiteElo "2315"]
[BlackElo "2343"]
[PlyCount "154"]
[EventDate "2024.09.14"]
[EventType "team-swiss"]
[EventRounds "9"]
[EventCountry "POL"]
[SourceTitle "EXT 2025"]
[Source "ChessBase"]
[SourceDate "2024.10.14"]
[SourceVersion "1"]
[SourceVersionDate "2024.10.14"]
[SourceQuality "1"]

1. e4 e6 2. d4 d5 3. Nc3 Bb4 4. e5 c5 5. a3 Bxc3+ 6. bxc3 Qa5 7. Bd2 Qa4 8. Qg4 Kf8 9. h4 Nc6 10. Nf3 c4 11. Kd1 b5 12. Rh3 Nge7 13. h5 h6 14. Qf4 a5 15. Nh4 Ke8 16. Rf3 Nd8 17. g4 Rb8 18. g5 b4 19. cxb4 axb4 20. gxh6 Rxh6 21. Qg4 Rh7 22. Rb1 bxa3 23. Rxb8 a2 24. Bc3 a1Q+ 25. Bxa1 Qxa1+ 26. Ke2 Ndc6 27. Rxc8+ Nxc8 28. c3 Qb2+ 29. Ke1 Qc1+ 30. Ke2 Qc2+ 31. Ke1 Qc1+ 32. Ke2 Nb6 33. Qf4 Qxf4 34. Rxf4 Rxh5 35. Rg4 g6 36. Nf3 Ne7 37. Kd2 Nf5 38. Rg1 Nh4 39. Ne1 Rf5 40. Ke3 Rh5 41. Be2 Nf5+ 42. Kd2 Rh8 43. Nf3 Ke7 44. Rb1 Nd7 45. Ra1 Rb8 46. Kc2 Rb7 47. Ra8 Nb8 48. Ng5 f6 49. Nf3 g5 50. exf6+ Kxf6 51. Ne5 Nd7 52. Ng4+ Kf7 53. Bf3 Nh4 54. Nh2 Nf6 55. Bd1 Kg6 56. Ra6 Kf5 57. Nf1 Re7 58. Ng3+ Kg6 59. Kd2 Nf5 60. Bc2 g4 61. Rxe6 Rxe6 62. Bxf5+ Kf7 63. Bxe6+ Kxe6 64. Ke3 Kf7 65. Kf4 Kg6 66. Nf5 Ne4 67. Ne7+ Kf7 68. Nxd5 Nxf2 69. Kg3 Ne4+ 70. Kxg4 Ke6 71. Nf4+ Kd6 72. Ne2 Kd5 73. Kf3 Nxc3 74. Nxc3+ Kxd4 75. Ne2+ Kd3 76. Kf2 c3 77. Nxc3 Kxc3 1/2-1/2

[Event "POL-chT 1st League"]
[Site "Darlowo"]
[Date "2024.09.14"]
[Round "1.27"]
[White "Fiedorek, Michal"]
[Black "Karwowski, Kacper"]
[Result "1/2-1/2"]
[WhiteElo "2315"]
[BlackElo "2203"]
[PlyCount "82"]
[EventDate "2024.09.14"]
[EventType "team-swiss"]
[EventRounds "9"]
[EventCountry "POL"]
[SourceTitle "EXT 2025"]
[Source "ChessBase"]
[SourceDate "2024.10.14"]
[SourceVersion "1"]
[SourceVersionDate "2024.10.14"]
[SourceQuality "1"]

1. Nf3 Nf6 2. c4 e6 3. g3 d5 4. Bg2 dxc4 5. 0-0 a6 6. a4 c5 7. Qc2 Nc6 8. Qxc4 b5 9. Qc2 Bb7 10. d3 Be7 11. Bg5 0-0 12. axb5 axb5 13. Nc3 Qb6 14. Rfc1 Rxa1 15. Rxa1 Nb4 16. Qb3 h6 17. Bxf6 Bxf6 18. Nd2 Bxg2 19. Kxg2 Rc8 20. Nf3 Be7 21. h4 c4 22. dxc4 bxc4 23. Qa4 Bf6 24. Qa5 Qb7 25. Qa7 Qxa7 26. Rxa7 Nd5 27. Nd1 Rd8 28. Ra1 g5 29. hxg5 hxg5 30. e4 g4 31. Nh2 Nb4 32. Nxg4 Bd4 33. Nge3 Nd3 34. Nxc4 Rc8 35. Nce3 Rb8 36. Rb1 Nc5 37. Nc2 Bg7 38. b4 Nxe4 39. b5 Nd2 40. Rb4 Bf8 41. Rg4+ Kh7 1/2-1/2

[Event "Dortmund Sparkassen op-A 51st"]
[Site "Dortmund"]
[Date "2024.08.17"]
[Round "8"]
[White "Samadov, Read"]
[Black "Fiedorek, Michal"]
[Result "1/2-1/2"]
[WhiteElo "2509"]
[BlackElo "2297"]
[PlyCount "200"]
[EventDate "2024.08.10"]
[EventType "swiss"]
[EventRounds "9"]
[EventCountry "GER"]
[SourceTitle "CBM 221 Extra"]
[Source "ChessBase"]
[SourceDate "2024.09.30"]
[SourceVersion "1"]
[SourceVersionDate "2024.09.30"]
[SourceQuality "1"]

1. d4 Nf6 2. c4 g6 3. Nc3 Bg7 4. e4 d6 5. Nf3 0-0 6. Be2 e5 7. 0-0 Bg4 8. d5 a5 9. Be3 Na6 10. Nd2 Bd7 11. a3 h5 12. h3 Nh7 13. Rb1 Qe7 14. Qc2 f5 15. exf5 gxf5 16. f4 h4 17. fxe5 Qxe5 18. Bf2 Qf4 19. Nf3 Ng5 20. Qc1 Nxf3+ 21. Bxf3 Qxc1 22. Rfxc1 Nc5 23. Bxh4 f4 24. Rf1 Bf5 25. Rbe1 Bd3 26. Be2 Rae8 27. Bxd3 Nxd3 28. Re6 Nxb2 29. Nb5 Rc8 30. Re4 Be5 31. c5 Rf7 32. Rf3 Nd1 33. Bg5 Ne3 34. g3 Nxd5 35. gxf4 Rg7 36. Kf2 Bf6 37. cxd6 cxd6 38. Nxd6 Rc2+ 39. Re2 Rxe2+ 40. Kxe2 Bxg5 41. fxg5 Rxg5 42. Nxb7 Nb6 43. Rb3 Nc4 44. Rc3 Nb6 45. Rc6 Rb5 46. Nd6 Rb3 47. h4 Nd5 48. Nc4 a4 49. Ra6 Rh3 50. Kd2 Nc3 51. Kc2 Nb5 52. Rxa4 Rxh4 53. Ra8+ Kg7 54. Kb3 Nxa3 55. Nxa3 Kf6 56. Nc4 Ke6 57. Ra5 Rh3+ 58. Kb4 Rh4 59. Re5+ Kf6 60. Rd5 Rf4 61. Kc3 Ke6 62. Ra5 Rf3+ 63. Kd4 Rf4+ 64. Kd3 Rh4 65. Nd2 Rh3+ 66. Kd4 Rh1 67. Re5+ Kd6 68. Nc4+ Kc6 69. Re6+ Kd7 70. Ra6 Rd1+ 71. Ke4 Re1+ 72. Ne3 Rh1 73. Ke5 Re1 74. Kd4 Ke7 75. Nd5+ Kf7 76. Nc3 Re6 77. Ra7+ Re7 78. Ra5 Re1 79. Ne4 Rh1 80. Ra7+ Ke6 81. Ra6+ Ke7 82. Ng3 Rd1+ 83. Ke5 Re1+ 84. Ne4 Kd7 85. Rh6 Kc7 86. Rh2 Kc6 87. Rc2+ Kb6 88. Kd5 Rd1+ 89. Nd2 Kb7 90. Kd6 Rh1 91. Rb2+ Kc8 92. Nc4 Rh6+ 93. Kd5 Kc7 94. Rg2 Rh5+ 95. Ne5 Kb6 96. Rg7 Rf5 97. Rh7 Rg5 98. Kd6 Rg1 99. Nc4+ Kb5 100. Ne3 Rg6+ 1/2-1/2

[Event "Dortmund Sparkassen op-A 51st"]
[Site "Dortmund"]
[Date "2024.08.16"]
[Round "7"]
[White "Fiedorek, Michal"]
[Black "Sokolovsky, Yahli"]
[Result "1/2-1/2"]
[WhiteElo "2297"]
[BlackElo "2522"]
[PlyCount "78"]
[EventDate "2024.08.10"]
[EventType "swiss"]
[EventRounds "9"]
[EventCountry "GER"]
[SourceTitle "CBM 221 Extra"]
[Source "ChessBase"]
[SourceDate "2024.09.30"]
[SourceVersion "1"]
[SourceVersionDate "2024.09.30"]
[SourceQuality "1"]

1. e4 e5 2. Nf3 Nc6 3. d4 exd4 4. Nxd4 Qf6 5. Nf3 Bb4+ 6. Nbd2 Nge7 7. Be2 0-0 8. 0-0 h6 9. Nc4 Bc5 10. c3 d5 11. exd5 Rd8 12. Be3 Rxd5 13. Qb3 Bb6 14. Nxb6 axb6 15. Nd4 Nxd4 16. Bxd4 Qg6 17. Rfe1 Rg5 18. g3 Be6 19. Bc4 Bxc4 20. Qxc4 Nc6 21. Re3 Qd6 22. Rae1 Qd7 23. a3 Rd5 24. Qe2 Rf8 25. Qf3 Qf5 26. Qxf5 Rxf5 27. Be5 Rc8 28. g4 Rg5 29. h3 Nxe5 30. Rxe5 Kf8 31. f4 Rxe5 32. Rxe5 Rd8 33. Kf2 Rd1 34. Re1 Rxe1 35. Kxe1 f5 36. gxf5 Kf7 37. Ke2 Kf6 38. Ke3 Kxf5 39. Kf3 b5 1/2-1/2

[Event "Titled Tuesday intern op 13th Aug Early"]
[Site "Chess.com INT"]
[Date "2024.08.13"]
[Round "8"]
[White "Fiedorek, Michal"]
[Black "Merriman, John"]
[Result "1-0"]
[WhiteElo "2297"]
[BlackElo "2242"]
[PlyCount "141"]
[EventDate "2024.08.13"]
[EventType "swiss (blitz)"]
[EventRounds "11"]
[EventCountry "USA"]
[SourceTitle "EXT 2025"]
[Source "ChessBase"]
[SourceDate "2024.10.14"]
[SourceVersion "1"]
[SourceVersionDate "2024.10.14"]
[SourceQuality "1"]

1. e4 e6 2. d4 d5 3. e5 c5 4. c3 Qb6 5. Nf3 Nc6 6. Bd3 cxd4 7. Nbd2 dxc3 8. bxc3 Qc7 9. Qe2 Nge7 10. 0-0 Ng6 11. Re1 Nf4 12. Qf1 Nxd3 13. Qxd3 Be7 14. Nb3 Bd7 15. h4 h6 16. Nbd4 Nxd4 17. Qxd4 Qc4 18. Qd2 Rc8 19. Re3 Bxh4 20. Nxh4 Qxh4 21. Ba3 Qa4 22. Bd6 Bb5 23. Rg3 Rg8 24. Rf3 Bc4 25. Qf4 Qd7 26. a4 Rc6 27. Rb1 Ra6 28. Rg3 Rxa4 29. Qf6 Qxd6 30. exd6 gxf6 31. Rxg8+ Kd7 32. Rxb7+ Kxd6 33. Rxf7 Ke5 34. Rg6 f5 35. Re7 Ra6 36. Rxh6 d4 37. cxd4+ Kxd4 38. Rh4+ Kd3 39. f3 Bd5 40. Kf2 Ra1 41. g4 fxg4 42. fxg4 a5 43. g5 a4 44. g6 a3 45. g7 a2 46. Ra7 e5 47. Rha4 Rb1 48. R7a5 Rb2+ 49. Kg3 Rg2+ 50. Kh4 Rxg7 51. Rxd5+ Kc3 52. Rxa2 e4 53. Re5 Kd3 54. Rea5 Rf7 55. R5a3+ Kd4 56. Ra4+ Ke5 57. Re2 Rf4+ 58. Kg3 Rf3+ 59. Kg2 Kf5 60. Rexe4 Rc3 61. Rf4+ Ke5 62. Rh4 Kd5 63. Rh5+ Kc6 64. Ra6+ Kb7 65. Rg6 Rc2+ 66. Kg3 Rc3+ 67. Kg4 Rc4+ 68. Kf3 Rc5 69. Rxc5 Kb8 70. Rh5 Ka8 71. Rh7 1-0

[Event "Titled Tuesday intern op 13th Aug Early"]
[Site "Chess.com INT"]
[Date "2024.08.13"]
[Round "4"]
[White "Fiedorek, Michal"]
[Black "Pulpan, Jakub"]
[Result "0-1"]
[WhiteElo "2297"]
[BlackElo "2378"]
[PlyCount "60"]
[EventDate "2024.08.13"]
[EventType "swiss (blitz)"]
[EventRounds "11"]
[EventCountry "USA"]
[SourceTitle "EXT 2025"]
[Source "ChessBase"]
[SourceDate "2024.10.14"]
[SourceVersion "1"]
[SourceVersionDate "2024.10.14"]
[SourceQuality "1"]

1. e4 a6 2. d4 h6 3. g3 d5 4. e5 c5 5. c3 Nc6 6. Bg2 cxd4 7. cxd4 Bf5 8. Nc3 e6 9. a3 Nge7 10. Nge2 Bh7 11. 0-0 Nf5 12. Be3 Rc8 13. Qd2 Be7 14. b4 0-0 15. Na4 b5 16. Nb2 Nxe3 17. fxe3 Nxb4 18. axb4 Rc2 19. Qd1 Rxb2 20. Rxa6 Bxb4 21. Nf4 Bd2 22. Qe2 b4 23. Nd3 Rc2 24. Rd1 Qc8 25. Nc5 Bxe3+ 26. Qxe3 Rxc5 27. dxc5 Qxa6 28. Qd4 b3 29. Qb4 Qc4 30. Qb6 Qc2 0-1

[Event "Titled Tuesday intern op 13th Aug Early"]
[Site "Chess.com INT"]
[Date "2024.08.13"]
[Round "2"]
[White "Kaminski, Victor Kazimierz"]
[Black "Fiedorek, Michal"]
[Result "0-1"]
[WhiteElo "2247"]
[BlackElo "2297"]
[PlyCount "94"]
[EventDate "2024.08.13"]
[EventType "swiss (blitz)"]
[EventRounds "11"]
[EventCountry "USA"]
[SourceTitle "EXT 2025"]
[Source "ChessBase"]
[SourceDate "2024.10.14"]
[SourceVersion "1"]
[SourceVersionDate "2024.10.14"]
[SourceQuality "1"]

1. e4 c5 2. Nf3 d6 3. Bb5+ Bd7 4. c4 Nf6 5. Nc3 g6 6. 0-0 Bg7 7. d3 0-0 8. Bxd7 Nfxd7 9. Bg5 Nc6 10. h3 Re8 11. Qd2 a6 12. a3 Rb8 13. Nd5 Qc8 14. Rab1 b5 15. b3 e6 16. Ne3 Nd4 17. Nxd4 cxd4 18. Ng4 h5 19. Nh2 bxc4 20. bxc4 Qc5 21. Rb4 Ne5 22. Rfb1 Nc6 23. Rxb8 Rxb8 24. Rxb8+ Nxb8 25. Qb4 Nd7 26. Be7 Ne5 27. Qb8+ Kh7 28. Bxd6 Qa5 29. Bxe5 Bxe5 30. Qb4 Bxh2+ 31. Kxh2 Qg5 32. Qd6 e5 33. g3 h4 34. Kg2 hxg3 35. fxg3 Qd2+ 36. Kg1 Qe3+ 37. Kg2 Qe2+ 38. Kg1 Qxd3 39. Qxe5 Qe3+ 40. Kg2 d3 41. Qf6 Kg8 42. Qd8+ Kg7 43. Qd5 d2 44. Qe5+ Kh7 45. Qd5 Kg8 46. Qd8+ Kg7 47. Qd4+ Qxd4 0-1

[Event "Titled Tuesday intern op 13th Aug Early"]
[Site "Chess.com INT"]
[Date "2024.08.13"]
[Round "9"]
[White "Shapiro, Viktor"]
[Black "Fiedorek, Michal"]
[Result "0-1"]
[WhiteElo "2074"]
[BlackElo "2297"]
[PlyCount "84"]
[EventDate "2024.08.13"]
[EventType "swiss (blitz)"]
[EventRounds "11"]
[EventCountry "USA"]
[SourceTitle "EXT 2025"]
[Source "ChessBase"]
[SourceDate "2024.10.14"]
[SourceVersion "1"]
[SourceVersionDate "2024.10.14"]
[SourceQuality "1"]

1. c4 e6 2. Nc3 d5 3. d4 Nf6 4. Nf3 c5 5. e3 dxc4 6. Bxc4 a6 7. 0-0 b6 8. Qe2 Bb7 9. Rd1 Qc7 10. d5 b5 11. d6 Bxd6 12. Bxb5+ Nbd7 13. Bxd7+ Nxd7 14. e4 Ne5 15. Be3 0-0 16. Rac1 Nxf3+ 17. Qxf3 Bxh2+ 18. Kh1 Be5 19. Ne2 c4 20. b3 Qe7 21. Rxc4 Qh4+ 22. Qh3 Qxh3+ 23. gxh3 f5 24. f3 fxe4 25. fxe4 Rf3 26. Bg1 Rxh3+ 27. Kg2 Rh4 28. Ng3 Rg4 29. Bf2 Rf8 30. Rd7 Ba8 31. Ra7 Bxg3 32. Bxg3 Bxe4+ 33. Kh3 h5 34. Be5 Rf3+ 35. Kh2 Rf2+ 36. Kh3 Bg2+ 37. Kh2 Bf1+ 38. Kh1 Bxc4 39. bxc4 Rxa2 40. c5 Rc4 41. Rxg7+ Kf8 42. Rc7 Rc1# 0-1

[Event "Dortmund Sparkassen op-A 51st"]
[Site "Dortmund"]
[Date "2024.08.11"]
[Round "2"]
[White "Fiedorek, Michal"]
[Black "Oest, Thorsten"]
[Result "1-0"]
[WhiteElo "2297"]
[BlackElo "1977"]
[PlyCount "75"]
[EventDate "2024.08.10"]
[EventType "swiss"]
[EventRounds "9"]
[EventCountry "GER"]
[SourceTitle "CBM 221 Extra"]
[Source "ChessBase"]
[SourceDate "2024.09.30"]
[SourceVersion "1"]
[SourceVersionDate "2024.09.30"]
[SourceQuality "1"]

1. e4 c5 2. Nf3 d6 3. d4 cxd4 4. Nxd4 Nf6 5. Nc3 a6 6. h3 e5 7. Nb3 Be6 8. f4 exf4 9. Bxf4 Nc6 10. Qe2 Be7 11. 0-0-0 Qc7 12. g4 h6 13. Kb1 0-0-0 14. Nd5 Bxd5 15. exd5 Ne5 16. Bd2 Rde8 17. Ba5 Qd7 18. Qe3 Bd8 19. Qa7 Bxa5 20. Nxa5 Qc7 21. Nxb7 Kd7 22. Re1 Ra8 23. Nc5+ dxc5 24. Qxc7+ Kxc7 25. Rxe5 Kd6 26. Re1 Rhe8 27. Rxe8 Rxe8 28. Bxa6 Kxd5 29. Rd1+ Ke5 30. Bc4 Kf4 31. a4 Ra8 32. b3 Ne4 33. Rd7 Kg3 34. Rd3+ Kf4 35. Bxf7 Ra7 36. Bd5 Nf2 37. Rf3+ Ke5 38. c4 1-0